|
|
|
|
| LEADER |
03193nam a22006015i 4500 |
| 001 |
978-3-662-46338-3 |
| 003 |
DE-He213 |
| 005 |
20151123191737.0 |
| 007 |
cr nn 008mamaa |
| 008 |
150209s2015 gw | s |||| 0|eng d |
| 020 |
|
|
|a 9783662463383
|9 978-3-662-46338-3
|
| 024 |
7 |
|
|a 10.1007/978-3-662-46338-3
|2 doi
|
| 040 |
|
|
|d GrThAP
|
| 050 |
|
4 |
|a TK5105.5-5105.9
|
| 072 |
|
7 |
|a UKN
|2 bicssc
|
| 072 |
|
7 |
|a COM075000
|2 bisacsh
|
| 082 |
0 |
4 |
|a 004.6
|2 23
|
| 245 |
1 |
0 |
|a Ad-hoc Networks and Wireless
|h [electronic resource] :
|b ADHOC-NOW 2014 International Workshops, ETSD, MARSS, MWaoN, SecAN, SSPA, and WiSARN, Benidorm, Spain, June 22--27, 2014, Revised Selected Papers /
|c edited by Miguel Garcia Pineda, Jaime Lloret, Symeon Papavassiliou, Stefan Ruehrup, Carlos Becker Westphall.
|
| 264 |
|
1 |
|a Berlin, Heidelberg :
|b Springer Berlin Heidelberg :
|b Imprint: Springer,
|c 2015.
|
| 300 |
|
|
|a XV, 318 p. 145 illus.
|b online resource.
|
| 336 |
|
|
|a text
|b txt
|2 rdacontent
|
| 337 |
|
|
|a computer
|b c
|2 rdamedia
|
| 338 |
|
|
|a online resource
|b cr
|2 rdacarrier
|
| 347 |
|
|
|a text file
|b PDF
|2 rda
|
| 490 |
1 |
|
|a Lecture Notes in Computer Science,
|x 0302-9743 ;
|v 8629
|
| 505 |
0 |
|
|a Emerging technologies for smart devices -- Marine sensors and systems -- Multimedia wireless ad hoc networks -- Security in ad hoc networks -- Smart sensor protocols and algorithms -- Wireless sensor, actuator and robot networks.
|
| 520 |
|
|
|a This book constitutes the refereed proceedings of six workshops collocated with the 13th International Conference on Ad-Hoc Networks and Wireless, ADHOC-NOW Workshops 2014, held in Benidorm, Spain, in June 2014. The 25 revised full papers presented were carefully reviewed and selected from 59 submissions. The papers address the following topics: emerging technologies for smart devices; marine sensors and systems; multimedia wireless ad hoc networks; security in ad hoc networks; smart sensor protocols and algorithms; wireless sensor, actuator and robot networks.
|
| 650 |
|
0 |
|a Computer science.
|
| 650 |
|
0 |
|a Computer communication systems.
|
| 650 |
|
0 |
|a Software engineering.
|
| 650 |
|
0 |
|a Information storage and retrieval.
|
| 650 |
|
0 |
|a Management information systems.
|
| 650 |
|
0 |
|a Electrical engineering.
|
| 650 |
1 |
4 |
|a Computer Science.
|
| 650 |
2 |
4 |
|a Computer Communication Networks.
|
| 650 |
2 |
4 |
|a Information Systems Applications (incl. Internet).
|
| 650 |
2 |
4 |
|a Communications Engineering, Networks.
|
| 650 |
2 |
4 |
|a Management of Computing and Information Systems.
|
| 650 |
2 |
4 |
|a Software Engineering.
|
| 650 |
2 |
4 |
|a Information Storage and Retrieval.
|
| 700 |
1 |
|
|a Garcia Pineda, Miguel.
|e editor.
|
| 700 |
1 |
|
|a Lloret, Jaime.
|e editor.
|
| 700 |
1 |
|
|a Papavassiliou, Symeon.
|e editor.
|
| 700 |
1 |
|
|a Ruehrup, Stefan.
|e editor.
|
| 700 |
1 |
|
|a Westphall, Carlos Becker.
|e editor.
|
| 710 |
2 |
|
|a SpringerLink (Online service)
|
| 773 |
0 |
|
|t Springer eBooks
|
| 776 |
0 |
8 |
|i Printed edition:
|z 9783662463376
|
| 830 |
|
0 |
|a Lecture Notes in Computer Science,
|x 0302-9743 ;
|v 8629
|
| 856 |
4 |
0 |
|u http://dx.doi.org/10.1007/978-3-662-46338-3
|z Full Text via HEAL-Link
|
| 912 |
|
|
|a ZDB-2-SCS
|
| 912 |
|
|
|a ZDB-2-LNC
|
| 950 |
|
|
|a Computer Science (Springer-11645)
|